[Event "Fajr op 16th"]
[Site "Urmia"]
[Date "2008.02.04"]
[Round "3"]
[White "Harutjunyan, Gevorg"]
[Black "Alizadeh, Gh"]
[Result "1-0"]
[WhiteElo "2423"]
[BlackElo "2177"]
[PlyCount "61"]
[EventDate "2008.02.03"]
[EventType "swiss"]
[EventRounds "11"]
[EventCountry "IRI"]
[SourceTitle "CBM 122 Extra"]
[Source "ChessBase"]
[SourceDate "2008.03.04"]
[SourceVersion "1"]
[SourceVersionDate "2008.03.04"]
[SourceQuality "1"]

1. e4 c5 2. Nf3 Nc6 3. Bb5 g6 4. 0-0 Bg7 5. c3 Nf6 6. Re1 0-0 7. d4 d5 8. e5 Ne4 9. Bxc6 bxc6 10. Nbd2 Nxd2 11. Bxd2 cxd4 12. cxd4 Qb6 13. Qa4 Bg4 14. Ba5 Qa6 15. Nd2 Rab8 16. Qa3 Qb5 17. Nb3 Rfc8 18. Qxe7 Bf8 19. Qh4 Bf5 20. Bc3 Qa4 21. Qg3 Rd8 22. h3 Bc2 23. Nd2 c5 24. b3 Qa6 25. dxc5 d4 26. Bb2 Bxc5 27. Rac1 d3 28. e6 Ba3 29. exf7+ Kf8 30. Qe5 Bxb2 31. Qe7+ 1-0

[Event "Fajr op 14th"]
[Site "Tehran"]
[Date "2006.01.27"]
[Round "4"]
[White "Abbasov, Farid"]
[Black "Alizadeh, Gh"]
[Result "1/2-1/2"]
[WhiteElo "2462"]
[BlackElo "2220"]
[PlyCount "139"]
[EventDate "2006.01.24"]
[EventType "swiss"]
[EventRounds "9"]
[EventCountry "IRI"]
[SourceTitle "CBM 110 Extra"]
[Source "ChessBase"]
[SourceDate "2006.03.10"]
[SourceVersion "2"]
[SourceVersionDate "2006.03.10"]
[SourceQuality "1"]

1. Nf3 Nf6 2. d4 c5 3. d5 e6 4. Nc3 exd5 5. Nxd5 Nxd5 6. Qxd5 Be7 7. Bg5 Nc6 8. a3 h6 9. Bxe7 Qxe7 10. 0-0-0 b6 11. e3 Bb7 12. Be2 0-0-0 13. Qd6 Qxd6 14. Rxd6 Kc7 15. Rd2 d6 16. Bc4 Ne5 17. Bd5 Bxd5 18. Rxd5 Nxf3 19. gxf3 Rhe8 20. Rg1 g6 21. f4 b5 22. Rgd1 f5 23. b4 cxb4 24. axb4 a6 25. Kb2 Kc6 26. c3 Re6 27. h4 h5 28. R5d2 d5 29. Rd4 Rdd6 30. Ra1 Kb6 31. Kc2 Kb7 32. Re1 Kc6 33. Kd3 Rd7 34. Ra1 Kb7 35. Ra2 Rd8 36. Re2 Kc6 37. f3 Rf8 38. Ra2 Ra8 39. Ke2 Rd6 40. Rd1 Re6 41. Kd3 Kb7 42. Rda1 Rae8 43. Kd4 Rd8 44. Rg1 Kb6 45. Rag2 Rdd6 46. Kd3 Kb7 47. Kd2 Ka7 48. Rd1 Kb7 49. Ke2 Kb6 50. Rd3 Kb7 51. Rd4 Kb6 52. Rg1 Kb7 53. Rgd1 Kc6 54. Kf2 Rf6 55. Ra1 Kb6 56. Ke2 Rfe6 57. Kd3 Kb7 58. Ra2 Kb6 59. Re2 Kc6 60. e4 dxe4+ 61. fxe4 fxe4+ 62. Rexe4 Rxe4 63. Kxe4 Re6+ 64. Kf3 Kb6 65. Rd3 a5 66. bxa5+ Kxa5 67. Re3 Rc6 68. Ke4 Ka4 69. Kd5 Rc4 70. Re4 1/2-1/2

[Event "IRI-chT"]
[Site "Iran"]
[Date "2005.09.30"]
[Round "11"]
[White "Aryanejad, Hossein"]
[Black "Alizadeh, Gh"]
[Result "1-0"]
[WhiteElo "2288"]
[BlackElo "2240"]
[PlyCount "67"]
[EventDate "2005.05.26"]
[EventType "team"]
[EventRounds "11"]
[EventCountry "IRI"]
[SourceTitle "CBM 106 Extra"]
[Source "ChessBase"]
[SourceDate "2005.07.01"]
[SourceVersion "1"]
[SourceVersionDate "2005.07.01"]
[SourceQuality "1"]

1. e4 c5 2. Nf3 Nc6 3. Bb5 g6 4. 0-0 Bg7 5. c3 Nf6 6. Re1 0-0 7. d4 d5 8. exd5 Nxd5 9. dxc5 Bg4 10. Be2 a5 11. h3 Bf5 12. Na3 e5 13. Bc4 Nc7 14. Qb3 Rb8 15. Bg5 Qc8 16. Qb6 Ne6 17. Nb5 Nxg5 18. Nxg5 h6 19. Nd6 Qd7 20. Ndxf7 Rxf7 21. Nxf7 Kh7 22. Rad1 Qe7 23. Nd6 e4 24. Nxf5 gxf5 25. Bb5 Ne5 26. Kh1 Qh4 27. c6 Ng4 28. Rf1 e3 29. Qc5 Be5 30. Rd7+ Kh8 31. Qe7 Qxe7 32. Rxe7 bxc6 33. hxg4 Rxb5 34. fxe3 1-0

[Event "IRI-chT"]
[Site "Iran"]
[Date "2005.09.29"]
[Round "10"]
[White "Alizadeh, Gh"]
[Black "Ghane Gardeh, Shojaat"]
[Result "1-0"]
[WhiteElo "2240"]
[BlackElo "2375"]
[PlyCount "83"]
[EventDate "2005.05.26"]
[EventType "team"]
[EventRounds "11"]
[EventCountry "IRI"]
[SourceTitle "CBM 106 Extra"]
[Source "ChessBase"]
[SourceDate "2005.07.01"]
[SourceVersion "1"]
[SourceVersionDate "2005.07.01"]
[SourceQuality "1"]

1. e4 e6 2. d4 d5 3. e5 Bd7 4. Nf3 c5 5. c3 Nc6 6. Be2 Qb6 7. 0-0 Nh6 8. Na3 cxd4 9. cxd4 Nf5 10. Nc2 a5 11. g4 Nfe7 12. Rb1 Nb4 13. a3 Nxc2 14. Qxc2 Nc6 15. Be3 Rc8 16. Rfc1 Be7 17. Bd3 Na7 18. Qe2 0-0 19. Rc3 a4 20. Bc2 Bb5 21. Qd1 Rxc3 22. bxc3 Qa6 23. Qd2 Bxa3 24. Bh6 Be7 25. Bg5 Nc6 26. Bxe7 Nxe7 27. Ng5 h6 28. Nh7 Rc8 29. Nf6+ Kf8 30. g5 gxf6 31. gxf6 Nf5 32. Bxf5 exf5 33. Qxh6+ Ke8 34. Qg7 Qe6 35. Rxb5 Rc7 36. Qg2 Kd8 37. Rxd5+ Rd7 38. Rc5 Qe8 39. Qg3 f4 40. Qxf4 Qg8+ 41. Kh1 Qg6 42. e6 1-0

[Event "IRI-chT"]
[Site "Iran"]
[Date "2005.08.25"]
[Round "8"]
[White "Ibrahimov, Rasul"]
[Black "Alizadeh, Gh"]
[Result "1-0"]
[WhiteElo "2511"]
[BlackElo "2240"]
[PlyCount "105"]
[EventDate "2005.05.26"]
[EventType "team"]
[EventRounds "11"]
[EventCountry "IRI"]
[SourceTitle "CBM 106 Extra"]
[Source "ChessBase"]
[SourceDate "2005.07.01"]
[SourceVersion "1"]
[SourceVersionDate "2005.07.01"]
[SourceQuality "1"]

1. Nf3 c5 2. c4 Nc6 3. Nc3 Nf6 4. d4 cxd4 5. Nxd4 g6 6. e4 d6 7. Be2 Bg7 8. Be3 0-0 9. 0-0 Bd7 10. Qd2 Nxd4 11. Bxd4 Bc6 12. f3 a5 13. b3 Nd7 14. Be3 Nc5 15. Rab1 Qb6 16. Rfc1 Rfc8 17. Rc2 Qd8 18. Bf1 Qf8 19. a3 e6 20. b4 axb4 21. axb4 Na4 22. Ne2 Qd8 23. Rd1 Be5 24. Nd4 Be8 25. f4 Bf6 26. f5 exf5 27. exf5 Qe7 28. Re1 Bd7 29. fxg6 hxg6 30. Nf3 Bf5 31. Bd3 Qd7 32. Bd4 Bxd4+ 33. Nxd4 Bxd3 34. Qxd3 Nb6 35. Nb5 Ra4 36. Qxd6 Qxd6 37. Nxd6 Rc6 38. c5 Rxb4 39. Re8+ Kg7 40. Re7 Rf4 41. Rxb7 Na4 42. g3 Rd4 43. Rxf7+ Kh6 44. Rd7 Rxc5 45. Rxc5 Rd1+ 46. Kg2 Rd2+ 47. Kh3 Rxd6 48. Rxd6 Nxc5 49. Kg4 Ne4 50. Ra6 Nc5 51. Ra5 Ne4 52. h4 Nf6+ 53. Kf3 1-0

[Event "IRI-chT"]
[Site "Iran"]
[Date "2005.06.10"]
[Round "5"]
[White "Alizadeh, Gh"]
[Black "Galstian, Beniamin"]
[Result "0-1"]
[WhiteElo "2240"]
[BlackElo "2448"]
[PlyCount "78"]
[EventDate "2005.05.26"]
[EventType "team"]
[EventRounds "11"]
[EventCountry "IRI"]
[SourceTitle "CBM 106 Extra"]
[Source "ChessBase"]
[SourceDate "2005.07.01"]
[SourceVersion "1"]
[SourceVersionDate "2005.07.01"]
[SourceQuality "1"]

1. e4 e5 2. Nf3 Nc6 3. d4 exd4 4. Nxd4 Bc5 5. Be3 Qf6 6. c3 Nge7 7. Bc4 Bb6 8. 0-0 0-0 9. Na3 Qg6 10. f3 Ne5 11. Bb3 d6 12. Nc4 Nxc4 13. Bxc4 Bh3 14. Qd2 Rad8 15. Kh1 Bc8 16. Nc2 Be6 17. Bb3 d5 18. Rad1 c5 19. exd5 Nxd5 20. Qe2 c4 21. Bxc4 Qxc2 22. Qxc2 Nxe3 23. Rxd8 Rxd8 24. Qa4 Bxc4 25. Re1 Bf1 26. Kg1 Bc4 27. Kh1 h6 28. h4 Be6 29. Qe4 Nd1 30. Qxb7 Nxb2 31. Qc6 Nd3 32. Ra1 Rc8 33. Qb5 Rxc3 34. a4 Rc4 35. g3 Nf2+ 36. Kg2 Rc2 37. a5 Ne4+ 38. Kf1 Bc4+ 39. Qxc4 Nd2+ 0-1

[Event "IRI-chT"]
[Site "Iran"]
[Date "2005.06.09"]
[Round "4"]
[White "Doostkam, Pooyan"]
[Black "Alizadeh, Gh"]
[Result "0-1"]
[WhiteElo "2228"]
[BlackElo "2240"]
[PlyCount "112"]
[EventDate "2005.05.26"]
[EventType "team"]
[EventRounds "11"]
[EventCountry "IRI"]
[SourceTitle "CBM 106 Extra"]
[Source "ChessBase"]
[SourceDate "2005.07.01"]
[SourceVersion "1"]
[SourceVersionDate "2005.07.01"]
[SourceQuality "1"]

1. d4 Nf6 2. c4 c5 3. Nf3 cxd4 4. Nxd4 Nc6 5. Nc3 g6 6. g3 Bg7 7. Bg2 0-0 8. 0-0 d6 9. Nc2 Be6 10. Nd5 Bxd5 11. cxd5 Ne5 12. Bd2 Rc8 13. Bc3 Nc4 14. Rc1 Nh5 15. Bxg7 Nxg7 16. b3 Ne5 17. Qd2 Qb6 18. Ne3 Nh5 19. Kh1 Nf6 20. Bh3 Ne4 21. Qe1 f5 22. Bg2 Qb5 23. Bxe4 fxe4 24. Rxc8 Rxc8 25. Qd2 Qc5 26. Rd1 Nd7 27. Kg2 Nf6 28. h3 Qc3 29. Qxc3 Rxc3 30. Rd4 b5 31. Ng4 Nxg4 32. hxg4 e3 33. Re4 Kf7 34. f4 Rc2 35. Kf3 Rxa2 36. Rb4 a6 37. Kxe3 Rb2 38. g5 Ke8 39. Kf2 Rd2 40. Re4 Rxd5 41. g4 Kf7 42. Re3 Rd4 43. Rf3 a5 44. Ke3 Rb4 45. Kd2 a4 46. bxa4 bxa4 47. e3 a3 48. Rf1 a2 49. Kc2 Ke6 50. Ra1 Ra4 51. Kb2 Kd5 52. f5 Rxg4 53. f6 exf6 54. gxf6 Rg2+ 55. Kc3 Ke6 56. Rf1 Rf2 0-1

[Event "IRI-chT"]
[Site "Iran"]
[Date "2005.05.26"]
[Round "1"]
[White "Alizadeh, Gh"]
[Black "Pashikian, Arman"]
[Result "0-1"]
[WhiteElo "2240"]
[BlackElo "2461"]
[PlyCount "102"]
[EventDate "2005.05.26"]
[EventType "team"]
[EventRounds "11"]
[EventCountry "IRI"]
[SourceTitle "CBM 106 Extra"]
[Source "ChessBase"]
[SourceDate "2005.07.01"]
[SourceVersion "1"]
[SourceVersionDate "2005.07.01"]
[SourceQuality "1"]

1. e4 c5 2. Nf3 d6 3. d4 cxd4 4. Nxd4 Nf6 5. Nc3 a6 6. Be3 e5 7. Nb3 Be6 8. Qd2 Be7 9. f3 0-0 10. g4 d5 11. exd5 Nxd5 12. Nxd5 Bh4+ 13. Bf2 Bxd5 14. Bg2 Bxb3 15. Qxd8 Bxf2+ 16. Kxf2 Rxd8 17. Rhd1 Rc8 18. cxb3 Rc2+ 19. Ke3 Nc6 20. Rd2 Rxd2 21. Kxd2 Rd8+ 22. Ke3 Nb4 23. Ke2 Nd3 24. Ke3 Nb4 25. Ke2 b5 26. Bf1 Rc8 27. a4 Rc2+ 28. Kd1 Rf2 29. Be2 Rxh2 30. Kd2 g6 31. axb5 axb5 32. Ra5 Nc6 33. Ra8+ Kg7 34. Ke3 Nd4 35. Bd1 Rh1 36. Kd2 h5 37. gxh5 gxh5 38. Re8 Kf6 39. Rh8 h4 40. f4 exf4 41. Bg4 Rg1 42. Kc3 Rxg4 43. Kxd4 f3+ 44. Ke3 Rb4 45. Kxf3 Rxb3+ 46. Kg4 Rxb2 47. Rh6+ Kg7 48. Rh5 Rb4+ 49. Kf5 Rc4 50. Rg5+ Kf8 51. Kf6 Rc6+ 0-1

[Event "Fajr op 13th"]
[Site "Tehran"]
[Date "2005.01.30"]
[Round "6"]
[White "Alizadeh, Gh"]
[Black "Moradiabadi, Elshan"]
[Result "0-1"]
[WhiteElo "2186"]
[BlackElo "2439"]
[PlyCount "50"]
[EventDate "2005.01.04"]
[EventType "swiss"]
[EventRounds "9"]
[EventCountry "IRI"]
[SourceTitle "CBM 104 Extra"]
[Source "ChessBase"]
[SourceDate "2005.03.01"]
[SourceVersion "1"]
[SourceVersionDate "2005.03.01"]
[SourceQuality "1"]

1. e4 c5 2. Nf3 e6 3. d4 cxd4 4. Nxd4 a6 5. Bd3 Nf6 6. c4 Nc6 7. Nxc6 dxc6 8. 0-0 e5 9. Nc3 Bc5 10. Bg5 h6 11. Bh4 Be6 12. Kh1 Qe7 13. f4 g5 14. fxe5 Ng4 15. Bg3 Ne3 16. Qe2 Nxf1 17. Rxf1 0-0-0 18. Nd5 cxd5 19. exd5 h5 20. dxe6 fxe6 21. Be1 Rhf8 22. Rxf8 Qxf8 23. Bg6 Qf4 24. g3 Qd4 25. Qf1 Rf8 0-1